• 首页
  • 本馆介绍
  • 公告通知
  • 最新文献
  • 馆藏检索
  • 电子资源
  • 读者导购
  • 参考咨询
  • 我的图书馆
  • 登录
  • 详细信息显示
  • 放入我的书架
  • 预约/预借图书
  • 作者相关作品
  • 分类相关作品
  • 丛书相关作品
  • 出版社相关作品

书目信息

  • 表格格式
  • 工作单格式
  • 卡片格式
题名:
世界地理大发现
    
 
作者: 姜守明 主编
分册:  
出版信息: 济南   山东画报出版社  2004
页数: 353页
开本: 23cm
丛书名:
单 册:
中图分类: K916
科图分类:
主题词: 古地名考--地理--世界
电子资源:
ISBN: 7-80603-787-X
000 00773nam0 2200217 45
001 002570562
005 20050323094305.5
010    @a7-80603-787-X@dCNY36.00
100    @a20040204d2004 em y0chiy0110 ea
101 0  @achi
102    @aCN@b370000
105    @aab z 000yd
200 1  @a世界地理大发现@Ashi jie di li da fa xian@f姜守明主编@FJiang Shou Ming Zhu Bian
210    @a济南@c山东画报出版社@d2004
215    @a353页@c照片,地图@d23cm
330    @a本书采用图文结合的形式,选取外国近五十次在人类历史上有重大影响的地理探险与发现,详细介绍和再现了这些地理探索活动的背景、起因、过程和结局,阐述了它们的历史意义及启示。
606 0  @a古地名考@x地理@y世界
690    @aK916@v4
701  0 @a姜守明@4主编
801  0 @aCN@bNLC@c20040415
905    @b346143-146@dK916@e104@f4
    
    世界地理大发现/姜守明主编.-济南:山东画报出版社,2004
    353页:照片,地图;23cm
    
    
    ISBN 7-80603-787-X:CNY36.00
    本书采用图文结合的形式,选取外国近五十次在人类历史上有重大影响的地理探险与发现,详细介绍和再现了这些地理探索活动的背景、起因、过程和结局,阐述了它们的历史意义及启示。
●
相关链接 在E读中查询图书 在五车中查询图书 在当当中查询图书 在豆瓣中查询图书


正题名:世界地理大发现     索取号:K916/104         预约/预借

序号 登录号 条形码 馆藏地/架位号 状态 备注
1 0346143   203461431   第二样本阅览室/ [索取号:K916/104] 在馆    
2 0346144   203461440   第二借阅区/ [索取号:K916/104] 在馆    
3 0346145   203461459   第二借阅区/ [索取号:K916/104] 在馆    
4 0346146   203461468   第二借阅区/ [索取号:K916/104] 在馆    
唐山师范学院图书馆 欢迎您!
大连网信软件有限公司© 版权所有